ბათუმის შოთა რუსთაველის სახელმწიფო უნივერსიტეტის ბიბლიოთეკა

უკანასკნელი მოსახლე:მთვარის დაბადება. (ბიბ.ჩანაწერი № 39762)

000 -LEADER
fixed length control field 00957nam a2200229Ia 4500
001 - CONTROL NUMBER
control field 6367
003 - CONTROL NUMBER IDENTIFIER
control field GE_BSU
008 - FIXED-LENGTH DATA ELEMENTS--GENERAL INFORMATION
fixed length control field 181216s||||||||xx |||||||||||||| ||und||
040 ## - CATALOGING SOURCE
Transcribing agency GE_BSU
080 ## - UNIVERSAL DECIMAL CLASSIFICATION NUMBER
Universal Decimal Classification number 82-93:821.353.1-32
100 ## - MAIN ENTRY--PERSONAL NAME
Personal name ბაწელაშვილი,ზაზა.
245 ## - TITLE STATEMENT
Title უკანასკნელი მოსახლე:მთვარის დაბადება.
245 ## - TITLE STATEMENT
Remainder of title მოთხრობები საშ.სასკოლო ასაკის ბავშვთათვის.
245 ## - TITLE STATEMENT
Statement of responsibility, etc. რედ:ლ.ქადაგიშვილი;მხატვ:.შ. დოლიძე.
260 ## - PUBLICATION, DISTRIBUTION, ETC.
Place of publication, distribution, etc. თბილისი.
260 ## - PUBLICATION, DISTRIBUTION, ETC.
Name of publisher, distributor, etc. ნაკადული.
260 ## - PUBLICATION, DISTRIBUTION, ETC.
Date of publication, distribution, etc. 1977.
300 ## - PHYSICAL DESCRIPTION
Extent 64გვ;ილ;20სმ.
653 ## - INDEX TERM--UNCONTROLLED
Uncontrolled term მოთხრობები.
653 ## - INDEX TERM--UNCONTROLLED
Uncontrolled term უკანასკნელი მოსახლე:მთვარის დაბადება.
942 ## - ADDED ENTRY ELEMENTS (KOHA)
Koha item type წიგნი
ეგზემპლარები
Withdrawn status Lost status Damaged status Not for loan Date acquired Barcode Date last seen Price effective from Koha item type
        2018-12-17 13982 2018-12-17 2018-12-17 წიგნი
        2018-12-17 13983 2018-12-17 2018-12-17 წიგნი